000 006060000a22001930004500
090 _aAS
_bSeriadas
100 1 _aSaavedra R., Carlos Arturo
_9100371
700 1 _aAlberico, Michael
_96446
700 1 _aGarcía Paredes, Hugo
_9100372
245 1 0 _aMurciélagos caseros
_srefugios antrópicos y manejo preventivo en Cali (Colombia)
690 _aMurciélagos
_92659
690 _aRefugios
_949226
690 _aDisturbios antrópicos
_993298
690 _aConservación de fauna
_94359
041 0 _aEspañol
044 _aColombia
942 _cARTICULO
773 1 _tCespedesia
_mDic.
_h26
_q41-70
_d2003
_g80
999 _c16211
_d16211